Country Logic Puzzle by Scambigol #45 - Statistics

General Stats
  • This quiz has been taken 109 times
  • The average score is 83 of 156
Answers on the Map
Answers color-coded by a green-red scale on the quiz's map according to % correct below.
 
Answer Stats
COUNTRY % Correct
Italy
74%
France
72%
San Marino
72%
Vatican City
72%
Liechtenstein
69%
Monaco
69%
Austria
67%
Brazil
67%
Dominican Republic
67%
East Timor
67%
Gambia
67%
Ghana
67%
Haiti
67%
Indonesia
67%
Ivory Coast
67%
Liberia
67%
Mauritania
67%
Montenegro
67%
Morocco
67%
Papua New Guinea
67%
Portugal
67%
Senegal
67%
Spain
67%
Andorra
64%
Bosnia and Herzegovina
64%
Guinea
64%
Guinea-Bissau
64%
Malaysia
64%
Sierra Leone
64%
Slovakia
64%
Slovenia
64%
Switzerland
64%
Argentina
62%
Bangladesh
62%
Benin
62%
Bhutan
62%
Brunei
62%
Burkina Faso
62%
Cambodia
62%
China
62%
Croatia
62%
Ecuador
62%
Hungary
62%
India
62%
Ireland
62%
Laos
62%
Mali
62%
Myanmar
62%
Nigeria
62%
North Korea
62%
Pakistan
62%
Peru
62%
South Korea
62%
Thailand
62%
United Kingdom
62%
Uruguay
62%
Vietnam
62%
Afghanistan
59%
Albania
59%
Chad
59%
Greece
59%
Kosovo
59%
Niger
59%
North Macedonia
59%
Russia
59%
Serbia
59%
Togo
59%
Turkmenistan
59%
Algeria
56%
Colombia
56%
Nepal
56%
Tunisia
56%
Venezuela
56%
Armenia
54%
Azerbaijan
54%
Finland
54%
Georgia
54%
Guyana
54%
Iraq
54%
Kazakhstan
54%
Kuwait
54%
Kyrgyzstan
54%
Libya
54%
Norway
54%
Oman
54%
Panama
54%
Qatar
54%
Saudi Arabia
54%
Suriname
54%
Sweden
54%
Tajikistan
54%
United Arab Emirates
54%
Uzbekistan
54%
Yemen
54%
Costa Rica
51%
Germany
51%
Belarus
49%
Belize
49%
Canada
49%
CzechRepublic
49%
Denmark
49%
Lithuania
49%
Mexico
49%
Mongolia
49%
Poland
49%
Syria
49%
United States
49%
Chile
46%
El Salvador
46%
Estonia
46%
Guatemala
46%
Honduras
46%
Iran
46%
Israel
46%
Jordan
46%
Latvia
46%
Lebanon
46%
Netherlands
46%
Nicaragua
46%
Turkey
46%
Ukraine
46%
Belgium
44%
Egypt
44%
Luxembourg
44%
Sudan
44%
Bulgaria
41%
Eswatini
41%
Lesotho
41%
Moldova
41%
Mozambique
41%
Romania
41%
South Africa
41%
Eritrea
38%
Bolivia
36%
Ethiopia
36%
Paraguay
36%
South Sudan
36%
Zambia
36%
Botswana
33%
Cameroon
33%
Central African Republic
33%
Djibouti
33%
Equatorial Guinea
33%
Gabon
33%
Kenya
33%
Malawi
33%
Rep. of the Congo
33%
Rwanda
33%
Somalia
33%
Tanzania
33%
Uganda
33%
Angola
31%
Burundi
31%
DR Congo
31%
Namibia
31%
Zimbabwe
31%
No matching quizzes found
Score Distribution
Percent of People with Each Score
Percentile by Number Answered
Your Score History
You have not taken this quiz